| 000 | 00470nam a2200145Ia 4500 | ||
|---|---|---|---|
| 008 | 191206s9999 xx 000 0 und d | ||
| 020 | _a0812230620 (cloth : | ||
| 090 | _aDC70.R5313 | ||
| 245 | 0 | _aCarolingians: a family who forged Europe | |
| 260 | _aUniversity of Pennsylvania Press | ||
| 260 | _bMiddle Ages series | ||
| 260 | _ccc1993 | ||
| 300 | _a"xix, 398 p. : ill., map ; 24 cm." | ||
| 999 |
_c15640 _d15640 |
||